The complete handbook of science fair projects / (Record no. 20592)

000 -LEADER
fixed length control field 01895cam a22003494a 4500
001 - CONTROL NUMBER
control field 13330871
003 - CONTROL NUMBER IDENTIFIER
control field OSt
005 - DATE AND TIME OF LATEST TRANSACTION
control field 20170120105127.0
008 - FIXED-LENGTH DATA ELEMENTS--GENERAL INFORMATION
fixed length control field 030902s2004 njua j f 001 0 eng
010 ## - LIBRARY OF CONGRESS CONTROL NUMBER
LC control number 2003019494
020 ## - INTERNATIONAL STANDARD BOOK NUMBER
International Standard Book Number 0471460435 (pbk. : acidfree paper)
020 ## - INTERNATIONAL STANDARD BOOK NUMBER
International Standard Book Number 0471457671 (cloth : acidfree paper)
040 ## - CATALOGING SOURCE
Original cataloging agency DLC
Transcribing agency DLC
Modifying agency DLC
042 ## - AUTHENTICATION CODE
Authentication code pcc
-- lcac
050 00 - LIBRARY OF CONGRESS CALL NUMBER
Classification number Q182.3
Item number .B63 2004
082 00 - DEWEY DECIMAL CLASSIFICATION NUMBER
Classification number 507/.8
Edition number 22
100 1# - MAIN ENTRY--PERSONAL NAME
Personal name Bochinski, Julianne Blair,
Dates associated with a name 1966
245 14 - TITLE STATEMENT
Title The complete handbook of science fair projects /
Statement of responsibility, etc. Julianne Blair Bochinski ; illustrated by Judy DiBiase.
250 ## - EDITION STATEMENT
Edition statement Newly rev. and updated.
260 ## - PUBLICATION, DISTRIBUTION, ETC. (IMPRINT)
Place of publication, distribution, etc. Hoboken, N.J. :
Name of publisher, distributor, etc. J. Wiley,
Date of publication, distribution, etc. c2004.
300 ## - PHYSICAL DESCRIPTION
Extent xii, 228 p. :
Other physical details ill. ;
Dimensions 26 cm.
500 ## - GENERAL NOTE
General note Includes index.
520 ## - SUMMARY, ETC.
Summary, etc. Discusses various aspects of science fair projects including advice on choosing a topic, doing research, developing experiments, organizing data results, and presenting a project to the judges.
650 #0 - SUBJECT ADDED ENTRY--TOPICAL TERM
Topical term or geographic name as entry element Science projects
Form subdivision Handbooks, manuals, etc.
-- Juvenile literature.
650 #1 - SUBJECT ADDED ENTRY--TOPICAL TERM
Topical term or geographic name as entry element Science projects
Form subdivision Handbooks, manuals, etc.
650 #1 - SUBJECT ADDED ENTRY--TOPICAL TERM
Topical term or geographic name as entry element Handbooks, manuals, etc.
700 1# - ADDED ENTRY--PERSONAL NAME
Personal name Bochinski-DiBiase, Judy J.,
Relator term ill.
856 42 - ELECTRONIC LOCATION AND ACCESS
Materials specified Contributor biographical information
Uniform Resource Identifier <a href="http://www.loc.gov/catdir/bios/wiley046/2003019494.html">http://www.loc.gov/catdir/bios/wiley046/2003019494.html</a>
856 41 - ELECTRONIC LOCATION AND ACCESS
Materials specified Table of contents
Uniform Resource Identifier <a href="http://www.loc.gov/catdir/toc/ecip048/2003019494.html">http://www.loc.gov/catdir/toc/ecip048/2003019494.html</a>
856 42 - ELECTRONIC LOCATION AND ACCESS
Materials specified Publisher description
Uniform Resource Identifier <a href="http://www.loc.gov/catdir/description/wiley039/2003019494.html">http://www.loc.gov/catdir/description/wiley039/2003019494.html</a>
906 ## - LOCAL DATA ELEMENT F, LDF (RLIN)
a 7
b cbc
c orignew
d 1
e ecip
f 20
g y-gencatlg
942 ## - ADDED ENTRY ELEMENTS (KOHA)
Source of classification or shelving scheme
Koha item type Hard Covered Materials
Item part Q 182.3 .B63 2004
Holdings
Withdrawn status Lost status Source of classification or shelving scheme Damaged status Not for loan Home library Current library Shelving location Date acquired Source of acquisition Total Checkouts Full call number Barcode Date last seen Price effective from Koha item type
          MACHAKOS UNIVERSITY LIBRARY MACHAKOS UNIVERSITY LIBRARY Technical section 20/01/2017 Donation(B.F.A)   Q 182.3 .B63 2004 31031 13/07/2018 20/01/2017 Hard Covered Materials
© Machakos University Library, Along The Highway, Machakos Wote Rd, Machakos, Kenya P.O. Box 136 - 90100 Machakos - Kenya

Tel: ( +254 ) 723 805829 OR Fax : 044-20353 OR Email: library@mksu.ac.ke